000 00832cab a2200277 4500
001 ABS58457
008 090401t1998 xxu||||| |||| 00| 0 eng d
035 _a(Sirsi) u85331
041 _aeng
100 _aButler, R.
245 4 _aThe Payne of breaking up
260 _c1998
350 _a0
490 _aEstates Gazette
_v(9813) 28 March 1998, 138-140(3)
520 _aExplains how the decision in "Pennell v Payne" will mean parties to tenancies involved in underleases will need to take more care over break clauses.
650 _aBREAK CLAUSES
650 _aFIXED TERM LEASES
650 _aPENNELL V PAYNE
650 _aPERIODIC TENANCIES
650 _aTERMINATION OF LEASE
650 _aUNDERLEASES
690 _aPROPERTY-LANDLORD AND TENANT
700 _aPemble, S.
942 _n0
948 _c31/03/1998
999 _c53653
_d53653